5HLuxD.jpg

KING HENRY VIII SENIOR AND PRIMARY SCHOOL LIBRARY OPAC

Atomic habits : (Record no. 599)

000 -LEADER
fixed length control field 02067cam a2200421 i 4500
001 - CONTROL NUMBER
control field .b22183681
003 - CONTROL NUMBER IDENTIFIER
control field OSt
005 - DATE AND TIME OF LATEST TRANSACTION
control field 20190904092413.0
008 - FIXED-LENGTH DATA ELEMENTS--GENERAL INFORMATION
fixed length control field 181217t20182018nyua b 001 0 eng d
010 ## - LIBRARY OF CONGRESS CONTROL NUMBER
LC control number 2018377469
020 ## - INTERNATIONAL STANDARD BOOK NUMBER
International Standard Book Number 9780735211292
Qualifying information (hardcover)
020 ## - INTERNATIONAL STANDARD BOOK NUMBER
International Standard Book Number 0735211299
Qualifying information (hardcover)
035 ## - SYSTEM CONTROL NUMBER
System control number (OCoLC)on1055766559
040 ## - CATALOGING SOURCE
Original cataloging agency CG4
Language of cataloging eng
Transcribing agency CG4
Description conventions rda
Modifying agency OCLCO
-- OQX
-- TCH
-- BDX
-- IK2
-- DPB
-- ILC
-- OCO
-- NDS
-- QQ3
-- OCLCF
-- DLC
042 ## - AUTHENTICATION CODE
Authentication code nbic
082 ## - DEWEY DECIMAL CLASSIFICATION NUMBER
Classification number 152 CLE
100 1# - MAIN ENTRY--PERSONAL NAME
Personal name Clear, James,
Relator term author.
245 10 - TITLE STATEMENT
Title Atomic habits :
Remainder of title tiny changes, remarkable results : an easy & proven way to build good habits & break bad ones /
Statement of responsibility, etc. James Clear.
246 30 - VARYING FORM OF TITLE
Title proper/short title Atomic habits :
Remainder of title an easy & proven way to build good habits & break bad ones : tiny changes, remarkable results.
246 34 - VARYING FORM OF TITLE
Title proper/short title Tiny changes, remarkable results :
Remainder of title atomic habits.
260 ## - PUBLICATION, DISTRIBUTION, ETC.
Place of publication, distribution, etc. New York :
Name of publisher, distributor, etc. Avery, an imprint of Penguin Random House,
Date of publication, distribution, etc. c2018.
300 ## - PHYSICAL DESCRIPTION
Extent ix, 306 pages :
Other physical details illustrations ;
Dimensions 24 cm.
504 ## - BIBLIOGRAPHY, ETC. NOTE
Bibliography, etc. note Includes bibliographical references (page 273-298) and index.
520 ## - SUMMARY, ETC.
Summary, etc. James Clear, an expert on habit formation, reveals practical strategies that will teach you how to form good habits, break bad ones, and master the tiny behaviors that lead to remarkable results. He draws on proven ideas from biology, psychology, and neuroscience to create an easy-to-understand guide for making good habits inevitable and bad habits impossible.
650 #0 - SUBJECT ADDED ENTRY--TOPICAL TERM
Topical term or geographic name entry element Habit.
650 #0 - SUBJECT ADDED ENTRY--TOPICAL TERM
Topical term or geographic name entry element Habit breaking.
650 #0 - SUBJECT ADDED ENTRY--TOPICAL TERM
Topical term or geographic name entry element Behavior modification.
650 #7 - SUBJECT ADDED ENTRY--TOPICAL TERM
Topical term or geographic name entry element BUSINESS & ECONOMICS / Organizational Behavior.
Source of heading or term bisacsh.
650 #7 - SUBJECT ADDED ENTRY--TOPICAL TERM
Topical term or geographic name entry element PSYCHOLOGY / Social Psychology.
Source of heading or term bisacsh.
650 #7 - SUBJECT ADDED ENTRY--TOPICAL TERM
Topical term or geographic name entry element SELF-HELP / Personal Growth / General.
Source of heading or term bisacsh.
650 #7 - SUBJECT ADDED ENTRY--TOPICAL TERM
Topical term or geographic name entry element Behavior modification.
Source of heading or term fast
Authority record control number or standard number (OCoLC)fst00829918.
650 #7 - SUBJECT ADDED ENTRY--TOPICAL TERM
Topical term or geographic name entry element Habit.
Source of heading or term fast
Authority record control number or standard number (OCoLC)fst00950030.
650 #7 - SUBJECT ADDED ENTRY--TOPICAL TERM
Topical term or geographic name entry element Habit breaking.
Source of heading or term fast
Authority record control number or standard number (OCoLC)fst00950033.
655 #4 - INDEX TERM--GENRE/FORM
Genre/form data or focus term Nonfiction.
655 #7 - INDEX TERM--GENRE/FORM
Genre/form data or focus term Self-help publications.
Source of term fast
Authority record control number or standard number (OCoLC)fst01941328.
655 #7 - INDEX TERM--GENRE/FORM
Genre/form data or focus term Self-help publications.
Source of term lcgft.
942 ## - ADDED ENTRY ELEMENTS (KOHA)
Source of classification or shelving scheme
Koha item type Books - Non Ficton
Holdings
Withdrawn status Lost status Source of classification or shelving scheme Damaged status Not for loan Collection code Permanent Location Current Location Shelving location Date acquired Total Checkouts Total Renewals Full call number Barcode Date due Date last seen Date last checked out Price effective from Koha item type
          Non-Fiction KH8 Senior School Library KH8 Senior School Library Non Fiction 2019-09-04 2 1 152 CLE 3KHSL000101339 2020-03-09 2020-02-20 2020-02-20 2019-09-04 Books - Non Ficton

Powered By KH8 IT Dept